Normal view
MARC view
Entry Personal Name
001 - CONTROL NUMBER
- control field: 31857
003 - CONTROL NUMBER IDENTIFIER
- control field: OSt
005 - DATE AND TIME OF LATEST TRANSACTION
- control field: 20160113151924.0
008 - FIXED-LENGTH DATA ELEMENTS
- fixed length control field: 160113|| aca||aabn | a|a d
040 ## - CATALOGING SOURCE
- Original cataloging agency: OSt
- Transcribing agency: OSt
100 ## - HEADING--PERSONAL NAME
- Personal name: टी एस जैन एंव वर्मा
670 ## - SOURCE DATA FOUND
- Source citation: Work cat.: (OSt): टी एस जैन एंव वर्मा, मध्य प्रदेश पी एस सी प्रारम्भिक परीक्षा सामान्य अध्ययन , 2014









